Library of the University of Algiers 3
Ibrahim Sultan Cheibout
شعار جامعة الجزائر 3
مكتبة جامعة الجزائر 3
إبراهيم سلطان شيبوط

دليل إعداد وتقييم دراسات الجدوى للمشروعات الصناعية / (رقم التسجيلة. 46113)

تفاصيل مارك
000 -LEADER
fixed length control field 00826nam a2200205Ia 4500
003 - CONTROL NUMBER IDENTIFIER
control field Ost
005 - DATE AND TIME OF LATEST TRANSACTION
control field 20260507075738.0
008 - FIXED-LENGTH DATA ELEMENTS--GENERAL INFORMATION
fixed length control field 260507s9999||||xx |||||||||||||| ||und||
040 ## - CATALOGING SOURCE
Transcribing agency fsecg
041 ## - LANGUAGE CODE
Language code of text/sound track or separate title ara
082 ## - DEWEY DECIMAL CLASSIFICATION NUMBER
Classification number 658.4013
100 ## - MAIN ENTRY--PERSONAL NAME
Personal name خواجكية، محمد
Relator term مؤلف
245 #0 - TITLE STATEMENT
Title دليل إعداد وتقييم دراسات الجدوى للمشروعات الصناعية /
Statement of responsibility, etc. محمد خواجكية
260 ## - PUBLICATION, DISTRIBUTION, ETC.
Place of publication, distribution, etc. عمان:
Name of publisher, distributor, etc. مكتبة دار الثقافة,
Date of publication, distribution, etc. 2004
300 ## - PHYSICAL DESCRIPTION
Extent 558 صفحة؛
Other physical details إيضاحات ؛
Dimensions 25 سم
520 ## - SUMMARY, ETC.
Summary, etc. مراحل دورة المشروع،دراسة الجدوى الإقتصادية والفنية،دراسة السوق،اختيار التكنولوجيا وهندسة
653 ## - INDEX TERM--UNCONTROLLED
Uncontrolled term المشروعات
653 ## - INDEX TERM--UNCONTROLLED
Uncontrolled term دراسة الجدوى
942 ## - ADDED ENTRY ELEMENTS (KOHA)
Koha item type كتب
المقتنيات
Withdrawn status Lost status Source of classification or shelving scheme Damaged status Not for loan Home library Current library Date acquired Serial enumeration / chronology Inventory number Total checkouts Full call number Barcode Date last seen Price effective from Koha item type
    Library of Congress Classification   NOT LOAN / إعارة داخلية مكتبة كلية العلوم الإقتصادية والعلوم التجارية وعلوم التسيير مكتبة كلية العلوم الإقتصادية والعلوم التجارية وعلوم التسيير 07/05/2026 الطابق الأرضي 1267/1   أ/1267ن1 1267/1 07/05/2026 07/05/2026 كتب

موارد الويب المفتوحة


© University of Algiers 3 All Rights Reserved
|
Implemented by LECHELAH Riad